000 00633nam a2200181Ia 4500
008 151202s9999||||xx |||||||||||||| ||und||
082 _bPNVM-38241
100 _aपंडित बाळ.
245 _aअसे सामने असे खेळाडू.
260 _b"मॅजेस्टिक प्रक ाशन ,मुंबई."
260 _c1990
300 _a185
600 _aपंडित बाळ.
630 _aअसे सामने असे खेळाडू.
700 _aपंडित बाळ.
730 _aअसे सामने असे खेळाडू.
942 _cBOOK
999 _c1304193
_d1304190